000
00240nam a2200097Ia 4500
008
220204s9999 xx 000 0 und d
082
_a
025.45UDC
_b
UDC
245
0
_a
UDC International medium edition. 1985. 2 Pts
260
_b
BSI
942
_c
BK
999
_c
43277
_d
43277